| 000 | 00603nam a22001937a 4500 | ||
|---|---|---|---|
| 999 |
_c181679 _d181679 |
||
| 005 | 20210930141232.0 | ||
| 010 | _aENG-129780 | ||
| 020 |
_c505.00 _a978-81-7930-702-1 |
||
| 035 | _aEN-113312 | ||
| 037 | _bDBAD/PUB | ||
| 082 | _a350 | ||
| 100 | _aPradhan, Arabinda | ||
| 245 |
_aPublic Administration : _bSpectrums Rapid revision Studypack/ _cArabinda Pradhan |
||
| 250 | _a2019 | ||
| 260 |
_aNew Delhi _bSpectrum Books (P) Ltd. _c2019 |
||
| 270 |
_aA1 291, First Floor, Janakpuri _bNew Delhi _e110058 _k011-25507922 |
||
| 300 |
_a560 p. _c23cm (hbk) |
||
| 942 |
_2ddc _cEN _h350 _mPRA |
||